| 000 | 00393nam a2200109Ia 4500 | ||
|---|---|---|---|
| 008 | 171204s9999 xx 000 0 und d | ||
| 245 | _aADHD in the Schools: Assessment and Intervention Strategies | ||
| 245 | _cGary Stoner Phd and George J. DuPaul PhD | ||
| 260 | _c2015 | ||
| 650 | _xSPED 6: Assessment of Children With Special Needs | ||
| 856 | _uhttp://down.ebook777.com/053/9781462526000.pdf | ||
| 999 |
_c346610 _d346610 |
||